Every Oscar Nominated Movie (2021) - Statistics

General Stats
  • This quiz has been taken 4 times
  • The average score is 12 of 33
Answer Stats
Hint Answer % Correct
(WINNER) Actor in a Supporting Role(WINNER) Best Picture (WINNER) Writing: Adapted Screenplay CODA
75%
Visual Effects Shang-Chi and the Legend of the Ten Rings
75%
Visual Effects Spider-Man: No Way Home
75%
Actor in a Supporting RoleActress in a Supporting Role Best Picture Directing Music: Original Song Sound (WINNER) Writing: Original Screenplay Belfast
50%
Best Picture Editing Music: Original Score Writing: Original Screenplay Don't Look Up
50%
Best Picture Directing (WINNER) International Feature Film Writing: Adapted Screenplay Drive My Car
50%
Best Picture (WINNER) Cinematography Costume Design (WINNER) Editing Makeup and Hairstyling (WINNER) Music: Original Score (WINNER) Production Design (WINNER) Sound (WINNER) Visual Effects Writing: Adapted Screenplay Dune
50%
(WINNER) Animated Feature Film Music: Original Score Music: Original Song Encanto
50%
(WINNER) Actor in a Leading RoleActress in a Supporting Role
Best Picture
Editing
Music: Original Song Writing: Original Screenplay
King Richard
50%
Animated Feature Film Luca
50%
Animated Feature Film Raya and the Last Dragon
50%
(WINNER) Actress in a Leading Role(WINNER) Makeup and Hairstyling The Eyes of Tammy Faye
50%
Animated Feature Film The Mitchells vs. The Machines
50%
Actor in a Leading RoleActor in a Supporting Role Actress in a Leading Role Being the Ricardos
25%
Makeup and Hairstyling Coming 2 America
25%
(WINNER) Costume Design Makeup and Hairstyling Cruella
25%
Costume Design Cyrano
25%
Music: Original Song Four Good Days
25%
Visual Effects Free Guy
25%
Makeup and Hairstyling House of Gucci
25%
Best Picture Directing Writing: Original Screenplay Licorice Pizza
25%
International Feature Film Lunana: A Yak in the Classroom
25%
Best Picture Cinematography Costume Design Production Design Nightmare Alley
25%
(WINNER) Original SongVisual Effects No Time to Die
25%
Actress in a Leading RoleMusic: Original Score Parallel Mothers
25%
Actress in a Leading Role Spencer
25%
International Feature Film The Hand of God
25%
Actress in a Leading RoleActress in a Supporting Role Writing: Adapted Screenplay The Lost Daughter
25%
Actor in a Leading RoleActor in a Supporting Role x2 Actress in a Supporting Role
Best Picture
Cinematography
(WINNER) Directing
Editing
Music: Original Score
Production Design
Sound
Writing: Adapted Screenplay
The Power of the Dog
25%
Actor in a Leading RoleCinematography Production Design The Tragedy of Macbeth
25%
International Feature Film Writing: Original Screenplay The Worst Person in the World
25%
Actor in a Leading RoleEditing tick, tick…BOOM!
25%
(WINNER) Actress in a Supporting RoleBest Picture Cinematography Costume Design Directing Production Design Sound West Side Story
25%
No matching quizzes found
Score Distribution
Percent of People with Each Score
Percentile by Number Answered
Your Score History
You have not taken this quiz